000 00554nam a2200217Ia 4500
003 OSt
005 20220927114428.0
006 a|||||r|||| 00| 0
007 ta
008 220926b |||||||| |||| 00| 0 eng d
024 _a150256
037 _cTextbook
040 _aRTL
_cRTL
_beng
041 _2eng
_aeng
082 _a"Y, TD"
100 _aSCHECH S Ed.
_9388771
245 0 _aDevelopment
_b A culture studies reader
700 _a HAGGI J Ed.
_9388772
942 _h"Y, TD"
_cCC
999 _c704692
_d704692